000 00310nam a2200121Ia 4500
005 20251222155126.0
008 251222s9999||||xx |||||||||||||| ||spa||
082 _aMEQ.194
100 _aCICAT - SALU
245 0 _aIntervención del técnico de enfermería en áreas críticas
264 _bCicat
942 _cLIB
999 _c38620
_d38620